| 000 | 00731nam a2200229 a 4500 | ||
|---|---|---|---|
| 005 | 20240806064159.0 | ||
| 008 | 040802s2000 mx r 000 0 spa d | ||
| 020 | _a8472452654 | ||
| 035 | _aUPN01000134078 | ||
| 049 | _aCG | ||
| 050 | 4 |
_aBF175.5 S5.5 _bE5.3 2000 |
|
| 245 | 0 | 0 |
_aEncuentro con la sombra : _bel poder del lado oscuro de la naturaleza humana / _cC. G. Jung ... [et al.]. |
| 250 | _a6a ed. | ||
| 260 |
_aBarcelona, Esp. : _bKairos, _c2000. |
||
| 300 | _a468 p. | ||
| 534 |
_pTraducción de: _tMeeting the shadow |
||
| 650 | 4 | _aSOMBRA (PSICOLOGIA) | |
| 650 | 4 |
_aBIEN Y MAL - _xASPECTOS PSICOLOGICOS _93937 |
|
| 650 | 4 |
_aPsicoanálisis _91572 |
|
| 700 | 1 |
_aJung, Carl Gustav, _d1875-1961 _ecoaut. |
|
| 905 | _aLibro | ||
| 999 |
_c106229 _d106229 |
||